000 00672nac a22001931u 4500
010 _a 98020659
020 _a0321025520
082 0 0 _a327
_bG6244
090 _c4253
_d4253
100 _aGoldstein, Joshua S.,
245 1 0 _aInternational relations /
_cJoshua S. Goldstein.
250 _a3rd ed.
260 _aNew York :
_bLongman,
_cc1999.
300 _axvi, 672 p. :
_bill., maps ;
_c24 cm.
504 _aIncludes bibliographical references and indexes.
650 0 _aInternational relations.
942 _cBB
_k327G6244
999 _c4253
_d4253